000 00879cab a2200289 4500
001 ABS57709
008 090401t1997 xxu||||| |||| 00| 0 eng d
035 _a(Sirsi) u81487
041 _aeng
100 _aTribich, J.
245 _aDo health & safety rules harm our heritage?
260 _c1997
350 _a0
490 _aBuilding Engineer
_v72(8) October 1997, 10-12(3)
520 _aLooks at the difficulties of applying CDM regulations to historic buildings and their materials.
650 _aBUILT ENVIRONMENT-BUILDING MATERIALS
650 _aCONSTRUCTION (DESIGN AND MANAGEMENT) REGULATIONS 1994
650 _aHEALTH AND SAFETY
_96244
650 _aHISTORIC BUILDINGS
650 _aLEAD
650 _aLIME
650 _aPRESERVATIVES
690 _aBUILT ENVIRONMENT-BUILDING STANDARDS
700 _aRedman, T.
942 _n0
948 _c16/10/1997
999 _c51334
_d51334